000 01127nam a2200301 4500
003 EC-UNACH
005 20251203124515.0
006 s||||gr|||| 00| 00
008 150116t9999 mx r gr 000 0 spa d
020 _a958-699-017-6
040 _aEC-UNACH
_cEC-UNACH
041 _aspa
082 0 4 _223
_a621
_bL018412
110 _aPearson Educación
245 _aIntroducción a la Ingeniería
250 _aPrimera edición
264 _aColombia
_bPearson Educación
_c2001
300 _a392
505 _aUna mirada a la ingeniería.-- La ética en la ingeniería.-- El proceso de diseño en ingeniería.-- Mediciones, cálculos y toma de decisiones.-- Búsqueda de la información.-- Comunicación oral y escrita.-- Criterios y restricciones.-- Definición del problema.-- Generación de múltiples soluciones.-- Selección de la mejor solución
650 _aDESARROLLO HISTORICO
650 _aPERFIL DEL INGENIERO
650 _aCONCLUSIONES
700 _aPablo Grech
942 _2ddc
_c1
999 _c14240